Postacie z Pana Tadeusza - Statystyki

Ogólne statystyki
  • Ten quiz został rozwiązany 167 razy
  • Średni wynik to 10 z 17
Statystyki odpowiedzi
Hint Odpowiedź % Poprawnych
Bohater tytułowy Tadeusz Soplica
87%
Narzeczona Tadeusza Zosia
85%
Ojciec Tadeusza Jacek Soplica
84%
Opiekunka Zosi Telimena
79%
Ostatni potomek rodu Horeszków Hrabia
68%
Został zabity przez Jacka Soplicę Stolnik
66%
Żyd znany z gry na cymbałach Jankiel
65%
alter-ego Jacka Soplicy Ksiądz Robak
64%
Brat Jacka Soplicy Sędzia Soplica
63%
Właściciel Harta Kusego Rejent
61%
Właściciel Harta Sokoła Asesor
57%
Sługa sędziego Soplicy Protazy
44%
Córka Stolnika Ewa Horeszkówna
43%
Klucznik zamku Horeszków Gerwazy Rębajło
30%
Najstarszy z rodu Dobrzyńskich Maciej Dobrzyński
30%
Dowódca Moskali, zginał z rąk Gerwazego Major Płut
27%
Znany ze swojego Rogu Wojski Hreczecha
24%
Nie znaleziono quizów pasujących do podanych kryteriów
Rozkład punktacji
Procent ludzi z każdym wynikiem
Percentyl według liczby udzielonych odpowiedzi
Twoja historia wyników
Nie rozwiązałeś tego quizu